00939nam a2200337Ia 4500008004000000020001700040041000800057082001300065100001700078245011000095260001700205300001200222440000600234650000800240650001200248650001300260650001700273650001200290650000700302650000700309650002000316650001500336650000800351650001300359650000800372690002600380700001600406906001100422999001900433952014900452210210b2009 xxu||||| |||| 00| 0 eng d a978821848555 aeng a515 KACS aKACZOR (W J) aStudent mathematical library Vol 12: Problems in mathematical analysis II: Continuity and differentiation aUSAb-c2009 axiv,398 a2 aVol aStudent aProblems amathematical alibrary ain aII adifferentiation aContinuity aand aanalysis a12: aMathematical Analysis aNOWAK (M T) a064187 c140419d140419 001040738MathematicsaALbALcRSd2021-02-17eKnowledge World, Bangalore-18g760.00l0o515 KACSp064187r2021-02-17 00:00:00w2021-02-17yBK